Statistics for Doctor Who: Every Doctor Actor in 45 Seconds

Click here to take the quiz!

General Stats

  • This quiz has been taken 105 times
    (64 since last reset)
  • The average score is 9 of 14

Answer Stats

HintAnswer% Correct
1William Hartnell
93%
4Tom Baker
89%
3Jon Pertwee
82%
6Colin Baker
79%
2Patrick Troughton
68%
5Peter Davison
64%
7Sylvester McCoy
61%
8Paul McGann
61%
10David Tennant
61%
11Matt Smith
61%
WarJohn Hurt
57%
9Christopher Eccleston
50%
12Peter Capaldi
46%
13Jodie Whittaker
32%

Score Distribution

Percentile by Number Answered

Percent of People with Each Score

Your Score History

You have not taken this quiz since the last reset